10 Największych miast w województwie lubuskim bez powiatu - Statystyki

Ogólne statystyki
  • Ten quiz został rozwiązany 9 razy
  • Średni wynik to 5 z 10
Statystyki odpowiedzi
liczba ludności miasto % Poprawnych
17 536 Kostrzyn nad Odrą
100%
16 614 Gubin
88%
6447 Rzepin
63%
13 548 Lubsko
50%
15 676 Sulechów
50%
10 954 Szprotawa
50%
9078 Skwierzyna
38%
6417 Witnica
38%
5032 Zbąszynek
38%
9231 Kożuchów
25%
Nie znaleziono quizów pasujących do podanych kryteriów
Rozkład punktacji
Procent ludzi z każdym wynikiem
Percentyl według liczby udzielonych odpowiedzi
Twoja historia wyników
Nie rozwiązałeś tego quizu